000 00892nas a2200277 4500
001 BR8602014
003 BR-BrBNA
005 20231205090431.0
007 ta
008 230509b bl.|||p| |||| 00| 00por d
040 _aBR-BrBNA
_bpor
_cBiblioteca Nacional de Agricultura
041 _a(Pt)
072 _aH10
100 1 _aAbreu, O.C.
100 1 _aValarini, P.J.
100 1 _aCruz, B.P.B.
100 1 _aOliveira, D.A.
100 1 _aGabriel, D.
245 1 _aViabilidade e patogenicidade do fungo Metarhizium anisopliae (Metsch.)Sorokin, em funcao do periodo e condicoes de armazenamento [lagarta]
650 _aCONTROLE BIOLOGICO
650 _aFUNGO ENTOMOGENO
650 _aLAGARTA
773 0 _tArquivos do Instituto Biologico (Brazil)
_xISSN 0020-3653
_g(Jan-Dec 1983), v. 50(1-4) p. 57-63
_wBR8602014
909 _a202311
_bLúcia
_c55
_dLúcia Elande
942 _2AGRIS
_n0
_cANA
999 _c118386
_d118386